000 01491ny a22003733n 4500
005 20240305165319.0
008 020218s2001 sp s 001 0 spa c
017 _aB1930950
020 _a8476986416
035 _a376
040 _aUMA.DER
_dvLex
040 _aUMA.RE
_dvLex
080 _a336.719.2:347.734
080 _a347.734:336.729.2
090 _c613
_d613
100 1 _aAzaustre Fernández, María José
245 1 3 _aEl secreto Bancario
_h[Recurso electrónico]
_cMaría José Azaustre Fernández ; [prólogo, Ignacio Arroyo]
256 _aServicio en línea
260 _aBarcelona :
_bJ. M. Bosch,
_c2001
300 _a618 p. ;
_c24 cm
490 1 _aBiblioteca de Derecho Mercantil
504 _aBibliogr.: p.545570
504 _aÍndices
506 1 _aContenido solo disponible en los productos indicados
_dvLex Global
_dvLex Global (Academic Edition, excluding Law Schools)
_dvLex Global (U.S. Academic Edition, Law Schools)
_dvLex Global (U.S. Academic Edition, excluding Law Schools)
_dvLex Global (Academic Edition, Law Schools)
650 0 7 _aDatos personales
_2Tesauro vLex
650 0 7 _aCivil
_2Tesauro vLex
650 0 7 _aSecretos bancarios
_2Tesauro vLex
650 0 7 _aProtección de datos de carácter personal
_2Tesauro vLex
700 1 _aArroyo, Ignacio,
_epr
740 0 _avLex Libros (Servicios en línea)
830 0 _aBiblioteca de derecho Mercantil (José María Bosch Editor)
856 4 0 _uhttps://app.vlex.com/#/sources/376
942 _cRAA
999 _c159136
_d159136